|
|
|
|
| LEADER |
00000nam0a2200000 4500 |
| 001 |
38917 |
| 005 |
20231101210528.0 |
| 010 |
|
|
|a 5212004268
|
| 035 |
|
|
|a (RuTPU)RU\TPU\book\39749
|
| 090 |
|
|
|a 38917
|
| 100 |
|
|
|a 20020320d1991 m y0rusy50 ca
|
| 101 |
1 |
|
|a rus
|
| 102 |
|
|
|a RU
|
| 105 |
|
|
|a a z 000ay
|
| 200 |
1 |
|
|a Сказки цыган России
|e пер. с цыганского
|f сост. Л. Черенков ; пер. Е. Друц, А. Гесслер
|
| 210 |
|
|
|a Москва
|c Книга
|d 1991
|
| 215 |
|
|
|a 479 с.
|c ил.
|
| 606 |
1 |
|
|a Сказки
|2 stltpush
|3 (RuTPU)RU\TPU\subj\77522
|9 87740
|
| 610 |
1 |
|
|a цыгане
|
| 610 |
1 |
|
|a фольклор цыганский
|
| 610 |
1 |
|
|a миниатюрные издания
|
| 675 |
|
|
|a 811
|v 4
|
| 702 |
|
1 |
|a Черенков
|b Л.
|4 220
|
| 702 |
|
1 |
|a Друц
|b Е.
|4 730
|
| 702 |
|
1 |
|a Гесслер
|b А.
|4 730
|
| 801 |
|
1 |
|a RU
|b 63413507
|c 20020320
|g PSBO
|
| 801 |
|
2 |
|a RU
|b 63413507
|c 20180703
|g PSBO
|
| 942 |
|
|
|c BK
|